00886nam a2200229 a 4500001001000000003000500010005001700015008004100032010001100073011001100084040000900095100003300104245015000137260004100287500006000328502010600388650001400494650002500508650002400533650002900557856007000586000110908CHAP20220329144150.0141021s2014 mx sm |||||||spa d a107370 a108342 cCHAP1 aTorre López, Gustavo de la10aRendimiento de maíz forrajero (Zea mays L.) y valor nutritivo de ensilados en el rancho el Carmenh[En línea]cpor Gustavo de la Torre Lopez. aBermejillo, Dgo. :bEl autor,c2014. aPara ver el contenido del material haga clic en la liga aTesis (Ing. Agr. Esp. en Sistemas Pecuarios) -- UACH. Unidad Regional Universitaria de Zonas Áridas14aEnsilaje.14aMaíz como forraje.14aMaízxHíbridos.14aMaízxValor nutritivo. aFinding aiduhttp://10.13.5.2/tesis/sist110908.pdfzTeclea aquí